Statistics for Dota 2 All Heroes (Patch 7.23)

Click here to take the quiz!

General Stats

  • This quiz has been taken 171 times
  • The average score is 63 of 119

Answer Stats

HintAnswer% Correct
StrEarth Spirit
91%
AgiEmber Spirit
85%
IntStorm Spirit
81%
StrAbaddon
80%
StrAxe
80%
StrIo
80%
AgiAnti-Mage
78%
IntVoid Spirit
78%
AgiFaceless Void
77%
IntLina
77%
AgiVengeful Spirit
75%
StrAlchemist
73%
AgiPhantom Assassin
73%
AgiDrow Ranger
72%
StrBrewmaster
70%
IntCrystal Maiden
70%
StrPudge
70%
StrBeastmaster
68%
IntInvoker
68%
StrTiny
67%
IntShadow Shaman
65%
IntZeus
65%
StrChaos Knight
64%
StrDragon Knight
64%
StrSlardar
64%
IntWindranger
64%
StrBristleback
63%
AgiLuna
63%
AgiRiki
62%
AgiViper
62%
StrWraith King
62%
AgiShadow Fiend
60%
StrTidehunter
60%
AgiBounty Hunter
59%
AgiMirana
59%
AgiMonkey King
59%
StrCentaur Warrunner
58%
AgiJuggernaut
58%
StrSand King
58%
AgiSniper
58%
AgiTemplar Assassin
58%
IntShadow Demon
57%
AgiSlark
57%
StrSven
57%
StrLifestealer
56%
StrMars
56%
AgiNyx Assassin
56%
AgiPhantom Lancer
56%
AgiVenomancer
56%
AgiBroodmother
54%
StrHuskar
54%
IntQueen of Pain
54%
IntChen
53%
IntTechies
53%
StrTimbersaw
53%
IntWinter Wyvern
53%
IntAncient Apparition
52%
IntLion
52%
IntNatures Prophet
52%
StrOmniknight
52%
IntOracle
52%
StrSpirit Breaker
52%
AgiTerrorblade
52%
IntWitch Doctor
52%
StrLycan
51%
AgiSpectre
51%
StrTreant Protector
51%
AgiGyrocopter
49%
StrKunkka
49%
IntOgre Magi
49%
StrPhoenix
49%
IntRubick
49%
IntDark Willow
48%
IntEnigma
48%
AgiPangolier
48%
StrUnderlord
48%
StrUndying
48%
IntJakiro
47%
IntTinker
47%
AgiArc Warden
46%
AgiBloodseeker
46%
IntDeath Prophet
46%
IntPuck
46%
StrTusk
46%
AgiWeaver
46%
IntBane
44%
StrClockwerk
44%
IntDazzle
44%
StrMagnus
44%
AgiMeepo
44%
StrSnapfire
44%
IntEnchantress
43%
AgiNaga Siren
43%
IntOutworld Devourer
43%
IntVisage
43%
StrDoom
42%
StrElder Titan
42%
IntKeeper of the Light
42%
AgiMedusa
42%
AgiClinkz
41%
AgiMorphling
41%
IntBatrider
40%
IntDark Seer
40%
IntPugna
40%
AgiUrsa
40%
AgiRazor
38%
IntSkywrath Mage
37%
AgiLone Druid
35%
IntNecrophos
35%
StrNight Stalker
35%
IntLich
33%
AgiTroll Warlord
33%
IntLeshrac
32%
IntWarlock
32%
IntSilencer
31%
IntGrimstroke
28%
IntDisruptor
26%
StrEartshaker
11%
StrLehion Commander
6%

Score Distribution

Percentile by Number Answered

Percent of People with Each Score

Your Score History

You have not taken this quiz